The Covid-19 pandemic and the migrant crisis in India: An analysis (Record no. 528205)
[ view plain ]
| 000 -LEADER | |
|---|---|
| fixed length control field | 01353nam a22001577a 4500 |
| 008 - FIXED-LENGTH DATA ELEMENTS--GENERAL INFORMATION | |
| fixed length control field | 241119b ||||| |||| 00| 0 eng d |
| 100 ## - MAIN ENTRY--PERSONAL NAME | |
| Personal name | Kukreja, Veena |
| 245 ## - TITLE STATEMENT | |
| Title | The Covid-19 pandemic and the migrant crisis in India: An analysis |
| 260 ## - PUBLICATION, DISTRIBUTION, ETC. (IMPRINT) | |
| Place of publication, distribution, etc | Bihar Journal of Public Administration |
| 300 ## - PHYSICAL DESCRIPTION | |
| Extent | 18(1A), Jan-Jun, 2021: p.12-19 |
| 520 ## - SUMMARY, ETC. | |
| Summary, etc | The COVID-19 has posed an unprecedented challenge for India. One of the most significant and visible consequences of the pandemic is migrant crisis. Due to sudden and unplanned lockdown the migrant workers have to bear the worst burden of the epidemic in terms of lives and livelihood. Migrant crisis during the coronavirus pandemic has revealed multilayered relationship between the migrant workers and the virus. This paper seeks to analyse the contemporary migrant crisis highlighting the vulnerability of the migrant workers in terms of mobility, social security, health management as well as policy relief measures taken by the government. – Reproduced http://www.iipabiharbranch.org/upload/Complete%20BJPA%20Vol.%20XVIII%20No.%201A%20(Covid%20special%20issue)%202021.pdf |
| 650 ## - SUBJECT ADDED ENTRY--TOPICAL TERM | |
| Topical term or geographic name as entry element | Covid-19, Pandemic, Supply chain, Informal sector, Health care, Social security, Mental health. |
| 9 (RLIN) | 48947 |
| 773 ## - HOST ITEM ENTRY | |
| Main entry heading | Bihar Journal of Public Administration |
| 906 ## - LOCAL DATA ELEMENT F, LDF (RLIN) | |
| Subject DIP | PANDEMIC |
| 942 ## - ADDED ENTRY ELEMENTS (KOHA) | |
| Item type | Articles |
| Withdrawn status | Lost status | Source of classification or shelving scheme | Damaged status | Not for loan | Permanent location | Current location | Date acquired | Serial Enumeration / chronology | Barcode | Date last seen | Koha item type |
|---|---|---|---|---|---|---|---|---|---|---|---|
| Indian Institute of Public Administration | Indian Institute of Public Administration | 2024-11-19 | 18(1A), Jan-Jun, 2021: p.12-19 | AR133589 | 2024-11-19 | Articles |
